000 00973nam a2200253Ia 4500
003 OSt
005 20221002050214.0
006 a|||||r|||| 00| 0
007 ta
008 220930b |||||||| |||| 00| 0 hin d
020 _a9788190417105 (hbk (Set))
_c3000
024 _a25716
037 _b2343, 19/03/2016, Success Book Service
_cReference Collections
040 _aCRL
_cCRL
_bhin
041 _2hin
_ahin
082 _aO152,1N2611x, P7.1-.3(RR)
100 _aनागर, शिवचन्द्र
245 0 _aशिवचन्द्र नागर रचनावली
260 _aमुरादाबाद
_b प्रेरणा प्रकाशन
_c2007
490 _vखण्ड 1
650 _aहिन्दी साहित्य
942 _hO152,1N2611x, P7.1-.3(RR)
_cref
_2CC
999 _c914122
_d914122